LEADER 01025nam0-22003011i-450- 001 990007488450403321 005 20051212115402.0 035 $a000748845 035 $aFED01000748845 035 $a(Aleph)000748845FED01 035 $a000748845 100 $a20030814d1965----km-y0itay50------ba 101 0 $aeng 102 $aUS 105 $ay-------001yy 200 1 $a<>geographical lore of the time of the crusades$ea study in the history of medieval science and tradition in western Europe$fby J. Kirtland Wright$gwith a new introduction by Clarence J. Glacken 210 $aNew York$cDover Publications$d1965 215 $a563 p.$d23 cm 610 0 $aGeografia storia 700 1$aWright,$bJohn Kirtland$f<1891-1969>$0249993 702 1$aGlacken,$bClarence James$f<1909-1989> 801 0$aIT$bUNINA$gRICA$2UNIMARC 901 $aBK 912 $a990007488450403321 952 $aA-07-037$bIst.8587$fILFGE 959 $aILFGE 996 $aGeographical lore of the time of the crusades$9675540 997 $aUNINA